000 00761nam a2200253#a 4500
001 02345
003 HDC
007 ta
008 230623s2013 xx 000 0 eng d
040 _aHDC
050 _aQA75.5
_b .E54 2013
245 0 _aELECTRONIC GOVERNMENT 2013
264 _aPutrajaya :
_bMAMPU,
_c2013
300 _a137 pages :
_b illustration ;
_c 25 cm
650 _aElectronic government information
_zMalaysia
650 _aInternet in public administration
_zMalaysia
650 _aLocal government
_xInformation technology
_zMalaysia
710 _aMalaysia.
_b Jabatan Perdana Menteri
710 _aMalaysia.
_b Unit Pemodenan Tadbiran dan Perancangan Pengurusan
942 _2lcc
942 _cBK
942 _kQA75.5
942 _m .E54 2013
999 _c23904
_d23904